All India reporter [AIR, 2006, Vol.93] / (Record no. 108749)
[ view plain ]
| 000 -LEADER | |
|---|---|
| fixed length control field | 00379nam a22001457a 4500 |
| 005 - DATE AND TIME OF LATEST TRANSACTION | |
| control field | 20181107111916.0 |
| 008 - FIXED-LENGTH DATA ELEMENTS--GENERAL INFORMATION | |
| fixed length control field | 181107b ||||| |||| 00| 0 eng d |
| 040 ## - CATALOGING SOURCE | |
| Transcribing agency | PK-LaUMT |
| 082 ## - DEWEY DECIMAL CLASSIFICATION NUMBER | |
| Classification number | 348.54026 |
| Item number | ALL- |
| 245 ## - TITLE STATEMENT | |
| Title | All India reporter [AIR, 2006, Vol.93] / |
| 260 ## - PUBLICATION, DISTRIBUTION, ETC. (IMPRINT) | |
| Place of publication, distribution, etc | Nagpur : |
| Name of publisher, distributor, etc | S. W. Chitaley, |
| Date of publication, distribution, etc | 2006 |
| 300 ## - PHYSICAL DESCRIPTION | |
| Extent | 9 vols. |
| 650 ## - SUBJECT ADDED ENTRY--TOPICAL TERM | |
| Topical term or geographic name as entry element | All India reporter |
| 942 ## - ADDED ENTRY ELEMENTS (KOHA) | |
| Koha item type | Books |
| Withdrawn status | Lost status | Damaged status | Home library | Current library | Date acquired | Full call number | Barcode | Date last seen | Copy number | Price effective from | Koha item type |
|---|---|---|---|---|---|---|---|---|---|---|---|
| UMT Main Campus | UMT Main Campus | 2018-11-07 | 348.54026 ALL- | 126311 | 2018-11-07 | Vol.1 | 2018-11-07 | Books | |||
| UMT Main Campus | UMT Main Campus | 2018-11-07 | 348.54026 ALL- | 126312 | 2018-11-07 | Vol.2 | 2018-11-07 | Books | |||
| UMT Main Campus | UMT Main Campus | 2018-11-07 | 348.54026 ALL- | 126318 | 2018-11-07 | Vol.3 | 2018-11-07 | Books | |||
| UMT Main Campus | UMT Main Campus | 2018-11-07 | 348.54026 ALL- | 126314 | 2018-11-07 | Vol.4 | 2018-11-07 | Books | |||
| UMT Main Campus | UMT Main Campus | 2018-11-07 | 348.54026 ALL- | 126316 | 2018-11-07 | Vol.5 | 2018-11-07 | Books | |||
| UMT Main Campus | UMT Main Campus | 2018-11-07 | 348.54026 ALL- | 126315 | 2018-11-07 | Vol.6 | 2018-11-07 | Books | |||
| UMT Main Campus | UMT Main Campus | 2018-11-07 | 348.54026 ALL- | 126319 | 2018-11-07 | Vol.7 | 2018-11-07 | Books | |||
| UMT Main Campus | UMT Main Campus | 2018-11-07 | 348.54026 ALL- | 126313 | 2018-11-07 | Vol.8 | 2018-11-07 | Books | |||
| UMT Main Campus | UMT Main Campus | 2018-11-07 | 348.54026 ALL- | 126317 | 2018-11-07 | Vol.9 | 2018-11-07 | Books |
